Statistics for NBA Team Point Leaders 2011/2012

Click here to take the quiz!

General Stats

  • This quiz has been taken 1,323 times
  • The average score is 16 of 30

Answer Stats

TeamPlayer% Correct
Los Angeles LakersKobe Bryant
99%
Oklahoma City ThunderKevin Durant
98%
Miami HeatLeBron James
98%
Dallas MavericksDirk Nowitzki
86%
Boston CelticsPaul Pierce
86%
New York KnicksCarmelo Anthony
85%
Los Angeles ClippersBlake Griffin
81%
Washington WizardsJohn Wall
75%
Toronto RaptorsDeMar DeRozan
74%
Minnesota TimberwolvesKevin Love
69%
Utah JazzAl Jefferson
67%
San Antonio SpursTony Parker
67%
Orlando MagicDwight Howard
63%
Sacremento KingsDeMarcus Cousins
62%
Portland Trail BlazersLamarcus Aldridge
58%
New Jersey NetsDeron Williams
51%
Philadelphia 76ersLouis Williams
49%
Indiana PacersDanny Granger
43%
Atlanta HawksJosh Smith
43%
Chicago BullsCarlos Boozer
42%
Milwaukee BucksBrandon Jennings
40%
Memphis GrizzliesRudy Gay
39%
Golden State WarriorsDavid Lee
35%
Denver NuggetsTy Lawson
22%
Phoenix SunsMarcin Gortat
10%
Houston RocketsLuis Scola
9%
Cleveland CavaliersAntawn Jamison
8%
Charlotte BobcatsGerald Henderson
8%
Detroit PistonsGreg Monroe
1%
New Orleans HornetsMarco Belinelli
1%

Score Distribution

Percentile by Number Answered

Percent of People with Each Score

Your Score History

You have not taken this quiz